01315cam a2200361 a 450000100090000000300040000900500170001300800410003001000170007102000370008802000340012502000690015902000660022802000370029402000340033104000180036504200080038305000200039108200160041110000340042724501150046125000120057626000300058830000520061850000640067065000260073465000500076065000230081065000470083365000230088065000220090370000280092517375090OSt20170204124910.0120706s2013 mauab 000 0 eng  a 2012027318 a9780205914197 (Student editions) a0205914195 (Student editions) a9780205871162 (Instructor's review copy (Child Dev, 9 chapters)) a020587116X (Instructor's review copy (Child Dev, 9 chapters)) a9780205927425 (Books a la Carte) a0205927424 (Books a la Carte) aDLCcDLCdDLC apcc00aHQ774 .A76 201300a305.2312231 aArnett, Jeffrey Jensen.d201310aChild development through middle childhood :ba cultural approach /cJeffrey Jensen Arnett, Ashley E. Maynard. a1st ed. aBoston :bPearson,c2013. axxxiv, 403 p. :bcol. ill., col. maps ;c28 cm. aIncludes bibliographical references (p. 358-389) and index. 0aInfantsxDevelopment. 0aInfantsxDevelopmentvCross-cultural studies. 0aChild development. 0aChild developmentvCross-cultural studies. 0aInfant psychology. 0aChild psychology.1 aMaynard, Ashley,d2013-